000 01080cam a2200217 4500
001 ABS64366
008 010828n2001 000 0 eng u
035 _a(Sirsi) u114355
100 _aCheffings, N.
245 _aGive the expert a fair hearing
260 _c2001
490 _aEstates Gazette
_v(0133) 18 August 2001, 82-83(2)
520 _aDiscusses the issue that expert witnesses should be treated the same regardless of their relationship to the party calling them. For the expert evidence to be relied upon, it should be independent and objective and, once admitted, the judge should decide how much weight to attach to it in the light of any relationship to the parties involved. Examines different relationships with reference to cases.
590 _aABS
650 _aEXPERT WITNESSES
650 _aEXPERT EVIDENCE
650 _aLIVERPOOL ROMAN CATHOLIC ARCHDIOCESAN TRUST V GOLDBERG (NO 3)
650 _aFIELD V LEEDS CC
690 _aMANAGEMENT-DISPUTE AVOIDANCE, MANAGEMENT AND RESOLUTION-DISPUTE MANAGEMENT AND RESOLUTION-EXPERT WITNESSES
942 _n0
999 _c68096
_d68096